00577nam a2200157 a 450000100100000000500170001000800410002704000250006810000280009324500390012126000490016030000200020904900090022995201640023899900170040200003289520200930065910.0110801s1926 dr 000 0 spa d aDO-SdBNPbspacBNPHU1 aGuerra, Mario E.95866314aLas tres fases /cMario E. Guerra. aSanto Domingo :bImp. E. S. Casanova,c1926. a42 p. ;c23 cm. aBNPD 001050718RVaPDbPDcCTd2011-08-01iLF1l0o p32895-10r2020-06-25w2020-06-25y1zPerteneció a la biblioteca personal de Martínez Boog.ZNo se presta c32386d32386